Sejarah Makkah Al-Mukarramah & Madinah Al-Munawwarah : buku panduan khas bagi penziarah & jemaah haji

Bibliographic Details
Main Author: Syeikh Saifur Rahman Mubarakfuri
Other Authors: Al-Mubarak, Abu Ezzat
Format: Book
Language:Malay
Published: Kuala Lumpur : Pustaka Al-Shafa , 2007
Subjects:

MARC

LEADER 00000cam a2200000 7i4500
001 0000018943
005 20090316.0
008 090311s my a may
020 |a 9789861591598(kkt) ,   |c RM49.00 
040 |a INS 
090 0 0 |a DS248.M4   |b S45 2007 
100 0 |a Syeikh Saifur Rahman Mubarakfuri 
245 0 0 |a Sejarah Makkah Al-Mukarramah & Madinah Al-Munawwarah :   |b buku panduan khas bagi penziarah & jemaah haji   |c Syeikh Saifur Rahman Mubarakfuri ; diterjemahkan oleh Abu Ezzat Al-Mubarak 
260 |a Kuala Lumpur :   |b Pustaka Al-Shafa ,   |c 2007 
300 |a viii, 318ms. :   |b col.ill. ;   |c 23cm. 
651 0 |a Mecca (Arab Saudi)   |x History 
700 1 |a Al-Mubarak, Abu Ezzat 
999 |a 0000020616   |b BOOK   |c Open Shelf   |e Default branch